Представление документа в формате MARC21

Поле Инд. ПП Название Значение
Тип записи a
Библиографический уровень m
001 _ Контрольный номер RU\infra-m\znanium\bibl\1214492
005 _ Дата корректировки 20250915104123.8
008 Кодируемые данные 201022s2020 RU g rus u
020 a ISBN 978-5-98704-474-2
040 a Служба первич. каталог. Общество с ограниченной ответственностью «ЗНАНИУМ»
041 a Код языка текста rus
044 a Код страны публикации RU
080 a Индекс УДК 330
084 2 Источник индекса rubbk
a Индекс другой классификации/Индекс ББК 650
084 2 Источник индекса okso
a Индекс другой классификации/Индекс ББК 00.03.13
084 2 Источник индекса okso
a Индекс другой классификации/Индекс ББК 00.05.13
100 1_ a Автор Гребнев Леонид Сергеевич
q Полное имя Леонид Сергеевич
245 a Заглавие Экономика
b Продолж. заглавия Учебник
c Ответственность Московский государственный юридический университет им. О.Е. Кутафина
260 a Место издания Москва
b Издательство Издательская группа "Логос"
c Дата издания 2020
300 a Объем 408 с.
520 a Аннотация Представлена концепция экономики как сферы деятельности людей распределяющих неопределенное но ограниченное время своей жизни между определенными но бесконечно разнообразными видами общения и деятельности направленными на обеспечение их жизненных потребностей и интересов. Проанализированы различные теоретико-методологические подходы к изучению экономических явлений и процессов основные стадии и общие закономерности развития мировой экономики а также ее структура. В каждом разделе книги даются ключевые понятия экономической теории и тесно связанные с ними базовые модели. Эти модели рассматриваются в стандартном виде и в различных модификациях позволяющих приблизить изучение экономики как науки к практике хозяйствования. В приложении на компакт-диске освещены разделы экономической теории раскрывающие проблематику микроэкономики и макроэкономики. Первый учебник написанный в соответствии с новыми федеральными государственными образовательными стандартами высшего профессионального образования вступившими в действие в 2010 году направ- ленных на обеспечение жизненных интересов и удовлетворение потребностей. Предназначен для освоения курса «Экономика» студентами обучающи- мися по всем направлениям и специальностям где он является обязательным. Может использоваться в системе повышения квалификации и переподготовки кадров в том числе по программам «Мастер делового администрирования» (Master of Business Administration . МВА) в качестве вводного перед освоением курсов «Микроэкономика» и «Макроэкономика». Представляет интерес для преподавателей дисциплины «Экономика» в средних и высших учебных заведениях и предмета «Обществознание» в средней школе.
521 a Примеч. о целев. назн. ВО - Бакалавриат
650 a Основная рубрика Экономика. Бухгалтерский учет. Финансы
x Основная подрубрика Общая экономическая теория
852 x Примечание, не предназначенное для пользователя znanium2023
856 4_ a Имя сервера/домена znanium.com
m Помощь ebs_support@infra-m.ru
n Местонахождение сервера НИЦ ИНФРА-М
u URL https://znanium.com/catalog/document?id=367687
z Примечание для пользователя Участвует в КО
856 41 a Имя сервера/домена znanium.com
d Путь /cover/1214
f Электронное имя 1214492.jpg
q Тип электронного формата image/jpeg
u URL https://znanium.com/cover/1214/1214492.jpg